Word Chain - Food #6 - Statistics

General Stats
  • This quiz has been taken 81 times
    59 since last reset
  • The average score is 18 of 20
Answer Stats
Hint Answer % Correct
Garment covering the front of your clothes to protect from stains while cooking. Apron
98%
Christmas drink made with nutmeg and milk. Eggnog
98%
Frosted Flakes, Cheerios, and Froot Loops are examples of this. Cereal
96%
Wal___, pea___, chest___. Nut
96%
Eight-limbed sea animal heavily consumed by people. Octopus
96%
Green paste that can burn your tongue, and goes on sushi. Wasabi
96%
Social gathering where meat cooked on a grill is served. Barbecue
94%
Usually after a big dinner you have to clean the ____es. Dish
92%
Bulbous vegetable with a strong smell, and is often used as an ingredient. Garlic
92%
Mix of oats, nuts, and seeds that is packaged and sold in bars. Granola
90%
A subset of sheep meat, particularly young sheep. Lamb
90%
Leafy green often used for sandwiches, salads and tacos, and is called _______ lettuce. Iceberg
88%
Algae that, when dried, is wrapped around sushi. Seaweed
88%
Crustacean that turns red when boiled, and can be dipped in butter. Lobster
86%
Condiment made using pickles. Relish
86%
American brand of hot sauce invented in 1868. Tabasco
86%
Melon with a commonly associated light green color. Honeydew
82%
Tins of pork that can be bought at supermarkets. Spam
82%
Deviled eggs can be stuffed and prepared as ____ d'oeuvres for parties. Hors
75%
Goes well with spaghetti and tomato sauce. Meatball
69%
No matching quizzes found
Score Distribution
Percent of People with Each Score
Percentile by Number Answered
Your Score History
You have not taken this quiz since the last reset